| 000 | 00588nam a2200193 4500 | ||
|---|---|---|---|
| 003 | DO-SdBNP | ||
| 005 | 20171124111210.0 | ||
| 008 | 171124b mx1978||||| |||| 00| 0 spa d | ||
| 040 |
_aBPMSU _bspa _cBPMSU |
||
| 100 | _aEco, Umberto | ||
| 240 |
_aA theory of semiotics _lEspañol |
||
| 245 |
_aTratado de semiótica general / _cUmberto Eco; traducido por Carlos Manzano |
||
| 260 |
_aMéxico, D.F.: _bNueva Imagen, _c1978 |
||
| 300 |
_a512p.: _c19cm. |
||
| 505 | _aBibliografía: p.481-512 | ||
| 700 |
_aManzano, Carlos _etrad. |
||
| 942 |
_2ddc _cBK |
||
| 945 | _aInventariado, 2017/MFF | ||
| 999 |
_c13080 _d13080 |
||